Toxicological evaluation for biomaterials: Examinations of radiation vulcanized natural rubber latex (Record no. 45934)

MARC details
000 -LEADER
fixed length control field 00353nam a2200109Ia 4500
100 ## - MAIN ENTRY--AUTHOR NAME
Personal name Tsuchiya Tetal
245 #0 - TITLE STATEMENT
Title Toxicological evaluation for biomaterials: Examinations of radiation vulcanized natural rubber latex
260 ## - PUBLICATION, DISTRIBUTION, ETC. (IMPRINT)
Name of publisher radiation Physics and Chemistry
Year of publication 1992
300 ## - PHYSICAL DESCRIPTION
Number of Pages 541-545
942 ## - ADDED ENTRY ELEMENTS (KOHA)
Koha item type Reprints
Holdings
Withdrawn status Lost status Damaged status Not for loan Home library Current library Date acquired Serial Enumeration / chronology Koha item type
      Reprints RRII Library RRII Library 22/12/2021 Volume 39, Issue 6 Reprints